000 00617nam a2200229Ia 4500
003 OSt
005 20220918191111.0
006 a|||||r|||| 00| 0
007 ta
008 220917b |||||||| |||| 00| 0 eng d
024 _a61,463
037 _cTextual
040 _aARTS
_cARTS
_beng
041 _2eng
_aeng
082 _aQ6:234:9, K3
100 _aFarrer Austin
_974919
245 0 _aRebirth of images
_b the making of St John's apocalypse
260 _aLondon
_bDacre Press UK
_c1963
650 _aRELIGION
942 _hQ6:234:9, K3
_cTEXL
_2CC
999 _c188315
_d188315